000
00265nam a2200109Ia 4500
008
190216s9999||||xx |||||||||||||| ||und||
100
_a
Weatherburn C E
245
2
_a
A First Course In Mathematical Statitics
260
_b
Null
650
_a
Mathematics
942
_c
BK
999
_c
30502
_d
30502